LEADER 04931nam 2200781 450 001 9910824178903321 005 20230803204557.0 010 $a1-118-84554-4 010 $a1-118-84553-6 010 $a1-118-84535-8 035 $a(CKB)3710000000226950 035 $a(EBL)1775206 035 $a(SSID)ssj0001333455 035 $a(PQKBManifestationID)12552878 035 $a(PQKBTitleCode)TC0001333455 035 $a(PQKBWorkID)11385933 035 $a(PQKB)11587643 035 $a(PQKBManifestationID)16038190 035 $a(PQKB)22883883 035 $a(DLC) 2014026672 035 $a(Au-PeEL)EBL1775206 035 $a(CaPaEBR)ebr10921253 035 $a(CaONFJC)MIL640728 035 $a(MiAaPQ)EBC1775206 035 $a(OCoLC)883305174 035 $a(EXLCZ)993710000000226950 100 $a20140902h20142014 uy 0 101 0 $aeng 135 $aur|n|---||||| 181 $ctxt 182 $cc 183 $acr 200 00$aNanomaterials for environmental protection /$fedited by Boris I. Kharisov, Oxana V. Kharissova, H. V. Rasika Dias 210 1$aHoboken, New Jersey :$cJohn Wiley & Sons, Inc.,$d2014. 210 4$dİ2014 215 $a1 online resource (594 p.) 300 $aDescription based upon print version of record. 311 $a1-322-09477-2 311 $a1-118-49697-3 320 $aIncludes bibliographical references and indexes. 327 $aAppendix 1.B Ions (Oxides, Hydrides, Peroxides, and Hydroxides) Removed by Precipitation Due to the Alteration of Eh and pH in Groundwater by ZVMAppendix 1.C Half Reactions and Redox Potentials Associated with ZVM; References; Chapter 2 Nanostructured Metal Oxides for Wastewater Disinfection; 2.1 Introduction; 2.2 Photoactive Metal Oxides; 2.3 Kinetics and Reaction Mechanisms; 2.4 Visible Light Absorbing Semiconductors; 2.5 Slurries or Immobilized Photocatalyst; 2.6 TiO2 Particles and Nanotubes; 2.7 Photocatalysis on TiO2 Nanotubes; 2.8 Photoelectrocatalysis on TDN 327 $a2.9 Other Nanostructured Metal Oxides2.10 Conclusions; References; Chapter 3 Cu2O-Based Nanocomposites for Environmental Protection: Relationship between Structure and Photocatalytic Activity, Application, and Mechanism; 3.1 Introduction; 3.2 Structural Feature and Cu2O Modification; 3.3 Cu2O-Based Nanocomposites for Environmental Protection; 3.4 Conclusions and Outlook; Acknowledgments; References; Chapter 4 Multifunctional Nanocomposites for Environmental Remediation; 4.1 Introduction; 4.2 Multifunctional Nanocomposites Development: From Fabrication to Processing 327 $a4.3 Characterization and Property Analysis of Multifunctional Nanocomposites4.4 Environmental Remediation through Multifunctional Nanocomposites; 4.5 Summary; References; Chapter 5 Nanomaterials for the Removal of Volatile Organic Compounds from Aqueous Solutions; 5.1 Introduction; 5.2 NMs for BTEX Removal; 5.3 Nanomaterials for Chlorobenzene Removal; 5.4 NMs for Chlorinated Alkenes Removal; 5.5 NMs for Phenol Removal; 5.6 The Impact of NMs on VOC Removal by Other Processes; 5.7 Challenges in the Use of NMs for VOC Remediation; References 327 $aChapter 6 Hybrid Metal Nanoparticle-Containing Polymer Nanofibers for Environmental Applications6.1 Introduction; 6.2 Challenges of Environmental Nanotechnology; 6.3 Electrospinning Technology; 6.4 Fabrication of Hybrid Metal NP-Containing Polymer Nanofibers; 6.5 Environmental Applications of Hybrid Metal NP-Containing Polymer Nanofibers; 6.6 Conclusions and Outlook; References; Chapter 7 Nanomaterials on the Basis of Chelating Agents, Metal Complexes, and Organometallics for Environmental Purposes; 7.1 Introduction; 7.2 Elemental Metals Functionalized with Chelating Ligands 327 $a7.3 N-Containing Ligands 330 $a"Provides an interdisciplinary approach to applying nanomaterials to disinfect water, air and soil while addressing possible environmental risks associated with nanoparticles. Remediation, toxicity, and nanoparticle structures are discussed"--$cProvided by publisher. 606 $aSanitary engineering$xEquipment and supplies 606 $aEnvironmental protection$xEquipment and supplies 606 $aWater$xPurification$xMaterials 606 $aNanostructured materials 606 $aNanofiltration 615 0$aSanitary engineering$xEquipment and supplies. 615 0$aEnvironmental protection$xEquipment and supplies. 615 0$aWater$xPurification$xMaterials. 615 0$aNanostructured materials. 615 0$aNanofiltration. 676 $a628.028/4 686 $aTEC021000$aSCI026000$2bisacsh 702 $aKharisov$b Boris I. 702 $aKharissova$b Oxana V. 702 $aDias$b H. V. Rasika 801 0$bMiAaPQ 801 1$bMiAaPQ 801 2$bMiAaPQ 906 $aBOOK 912 $a9910824178903321 996 $aNanomaterials for environmental protection$94029958 997 $aUNINA LEADER 02811nam 2200457z- 450 001 9910137089803321 005 20210212 035 $a(CKB)3710000000824746 035 $a(oapen)https://directory.doabooks.org/handle/20.500.12854/57181 035 $a(oapen)doab57181 035 $a(EXLCZ)993710000000824746 100 $a20202102d2015 |y 0 101 0 $aeng 135 $aurmn|---annan 181 $ctxt$2rdacontent 182 $cc$2rdamedia 183 $acr$2rdacarrier 200 00$aPromiscuous functions of the prion protein gene family 210 $cFrontiers Media SA$d2015 215 $a1 online resource (113 p.) 225 1 $aFrontiers Research Topics 311 08$a2-88919-605-4 330 $aThe cellular prion protein PrPC is a ubiquitous GPI-anchored protein. While PrPC has been the focus of intense research for its involvement in a group of neurodegenerative disorders known as transmissible spongiform encephalopathies (TSE), much less attention has been devoted to its physiological function. This notably relates to the lack of obvious abnormalities of mice, goat or cattle lacking PrPC. This apparently normal phenotype in these PrPC-deficient animals however contrasts with the very high degree of conservation of the prion protein gene (Prnp) in mammalian species (over 80%), and the presence of genes with similarities to Prnp in birds, reptiles, amphibians and fish. This high conservation together with its ubiquitous expression, - albeit at highest levels in the brain-, suggest that PrPC has major physiological functions. Dissecting PrPC function is further complicated by the occurrence, in mammals, of two potentially partially redundant homologues, Doppel, and Shadoo. The biological overlaps between members of the prion protein family are still under investigation and much debated. Similarly, although in vitro analyses have suggested various functions for PrPC, notably in cell death and survival processes, some have yielded conflicting results and/or discrepancies with in vivo studies. This Research Topic brings together the accumulated knowledge regarding the biological roles of the prion protein family, from the animal to the molecular scale. 606 $aBiology, life sciences$2bicssc 610 $aabeta 610 $aAging 610 $aCell Adhesion 610 $aCell signaling 610 $aEmbryonic and Fetal Development 610 $aGonads 610 $aNeuroprotection 610 $aPlacenta 610 $aprion protein 610 $aStem Cells 615 7$aBiology, life sciences 700 $aJean-Luc Vilotte$4auth$01286170 702 $aSophie Mouillet-Richard$4auth 906 $aBOOK 912 $a9910137089803321 996 $aPromiscuous functions of the prion protein gene family$93019736 997 $aUNINA